عرض عادي
عرض مارك
- Jacky, Jonathan.
مدخل إسم شخص
001 - رقم الضبط
- حقل الضبط: 13184
003 - معرف رقم الضبط
- حقل الضبط: OSt
005 - تاريخ ووقت أخر عملية
- حقل الضبط: 20120510015012.0
008 - عناصر بيانات ثابتة الطول
- حقل تحكم ثابت الطول: 120510|||a|||||| | ||| d
040 ## - مصدر الفهرسة
- هيئة الفهرسة الأصلية: OSt
- وكالة الكتابة: OSt
100 ## - مدخل -- أسم شخص
- إسم شخص: Jacky, Jonathan.
670 ## - بيانات المصدر موجوده
- الاستشهاد بالمصدر: Work cat.: (OSt)0: Model-based software testing and analysis with C# /, 2008.
